The Bordeaux Issue of 1870-1871 (Record no. 1708)

000 -LEADER
fixed length control field 00568nam a22001097a 4500
008 - FIXED-LENGTH DATA ELEMENTS--GENERAL INFORMATION
fixed length control field 150914b xxu||||| |||| 00| 0 eng d
100 ## - MAIN ENTRY--AUTHOR'S NAME
Author's Name Brown, Ruth
245 ## - TITLE STATEMENT
Title The Bordeaux Issue of 1870-1871
260 ## - PUBLICATION, DISTRIBUTION, ETC. (IMPRINT)
Place of publication, distribution, etc. New York
Name of publisher, distributor, etc. The France and Colonies Philatelic Society, Inc.
Date of publication, distribution, etc. 1981
650 ## - TOPICAL TERM (Tag)
Topical term or geographic name France | 1870-1871 | 19th Century | Bordeaux Issue | Definitive Issues | Errors and Varieties | Printing | Production | Essays and Proofs | Plates and Plating | Forgeries and Counterfeits | Collecting | Identification | Postal Markings | Stamps -- Histories
700 ## - SECONDARY AUTHOR, EDITOR OR ILLUSTRATOR
Personal Name Brown, Gardner
Holdings
Withdrawn status Lost status Source of classification or shelving scheme Damaged status Koha normalized classification for sorting Not for loan Permanent Location Current Location Date acquired Total Checkouts Full call number Barcode Date last seen Copy number Price effective from Koha item type
        G5831 D313 B879   Northern Philatelic Library Northern Philatelic Library 09/14/2015   G5831 .D313 B879 1001978 09/14/2015 2 09/14/2015 Books

Powered by Koha